Culture générale - anatomie humaine #2 - Statistiques

Statistiques générales
  • Ce quiz a été pris 740 fois
  • Le résultat moyen est 12 sur 20
Statistiques - réponses
Question Réponse % Correct
Comment se nomme les os des doigts? Les phalanges
87%
Quel est le nom de la couche externe de la peau? Epiderme
86%
Quelle est la plus grosse artère du corps? Aorte
84%
A quel organe se rapporte le terme hépatique? Au foie
79%
Quel est l'autre nom de la patella, l'os rond du genou? La rotule
79%
Quel élément relie les muscles aux os? Le tendon
78%
Quel organe reliant le fœtus à la paroi utérine est expulsé à l'accouchement? Le placenta
74%
Que signifie la lettre A dans ADN? Acide
71%
Quel organe est impacté lors d'une pyélonéphrite? Le Rein
71%
Quelle glande produit la thyroxine? Thyroïde
68%
Quel canal relie le rein à la vessie? L'uretère
58%
Quel organe reliant le larynx aux bronches permet de conduire l'air entre ces structures? La trachée
54%
Et au globule blanc? Leucocyte
54%
Quel autre nom est donné au globule rouge? Hématie
53%
Quels espaces creux internes du nez peuvent s'obstruer et s'inflammer facilement? Les sinus
50%
Quelle charpente rigide sert de support à nos muscles et nos organes? Le squelette
46%
Dans quel liquide baignent le cerveau et la moëlle épinière? Le liquide cérébrospinal
45%
Quel nom est donné aux deux groupes de côtes non rattachées au sternum? Côtes flottantes
33%
Comment se nomme la plus grosse glande salivaire Parotide
20%
Comment se nomme la tâche blanche à la base de l'ongle? La lunule
15%
Aucun quiz correspondant
Distribution des résultats
% des personnes avec chaque résultat
Percentile par nombre de réponses
Votre historique - résultats
Vous n’avez pas pris ce quiz